Assessing the impact of retail price promotions on product substitution, complementary purchase, and interstore cales displacement.

Hodnotenie dopadu reklamy na odbyt reklamou podporovaných a nepodporovaných výrobkov a na reakciu konkurujúcich podnikov. Stimulácia odbytu výrobkov doplňujúcich reklamou podporované výrobky. Vplyv reklamy na odbyt nevyzdvihnutých značiek.

Saved in:
Bibliographic Details
Main Author: Walters, R.G
Format: Book Chapter
Language:English
Subjects:
Tags: Add Tag
No Tags, Be the first to tag this record!

MARC

LEADER 00000naa a2200000 4500
001 r004825
005 20221213084238.7
041 0 |a eng 
044 |a US 
245 1 0 |a Assessing the impact of retail price promotions on product substitution, complementary purchase, and interstore cales displacement.  |c R.G. Walters 
520 |a Hodnotenie dopadu reklamy na odbyt reklamou podporovaných a nepodporovaných výrobkov a na reakciu konkurujúcich podnikov. Stimulácia odbytu výrobkov doplňujúcich reklamou podporované výrobky. Vplyv reklamy na odbyt nevyzdvihnutých značiek. 
610 2 0 |a reklama 
610 2 0 |a ceny maloobchodné 
610 2 0 |a odbyt 
610 2 0 |a výrobky 
610 2 0 |a údaje štatistické 
100 1 |a Walters, R.G.